| 000 | 00373nam a22001457a 4500 | ||
|---|---|---|---|
| 003 | SGT | ||
| 020 | _a8187827017 | ||
| 082 |
_a320.954 _bR03D |
||
| 100 | _aDHARAMPAL | ||
| 245 | _aREDISCOVERING INDIA: COLLECTIONS OF ESSAYS & SPEECHES | ||
| 260 |
_bSOCIETY FOR INTERGRATED DEVELOPMENT OF HIMALAYAS _c2003 |
||
| 300 | _a277 | ||
| 650 | _aPOLITICAL SCIENCE | ||
| 942 |
_2ddc _cBK |
||
| 999 |
_c28035 _d28035 |
||